<?xml version="1.0" encoding="UTF-8"?><?xml-stylesheet type="text/xsl" href="static/style.xsl"?><OAI-PMH xmlns="http://www.openarchives.org/OAI/2.0/" xmlns:xsi="http://www.w3.org/2001/XMLSchema-instance" xsi:schemaLocation="http://www.openarchives.org/OAI/2.0/ http://www.openarchives.org/OAI/2.0/OAI-PMH.xsd"><responseDate>2026-04-17T22:54:39Z</responseDate><request verb="GetRecord" identifier="oai:www.recercat.cat:2099.1/8999" metadataPrefix="marc">https://recercat.cat/oai/request</request><GetRecord><record><header><identifier>oai:recercat.cat:2099.1/8999</identifier><datestamp>2025-07-22T14:40:28Z</datestamp><setSpec>com_2072_1033</setSpec><setSpec>col_2072_452951</setSpec></header><metadata><record xmlns="http://www.loc.gov/MARC21/slim" xmlns:dcterms="http://purl.org/dc/terms/" xmlns:xsi="http://www.w3.org/2001/XMLSchema-instance" xmlns:doc="http://www.lyncode.com/xoai" xsi:schemaLocation="http://www.loc.gov/MARC21/slim http://www.loc.gov/standards/marcxml/schema/MARC21slim.xsd">
   <leader>00925njm 22002777a 4500</leader>
   <datafield ind2=" " ind1=" " tag="042">
      <subfield code="a">dc</subfield>
   </datafield>
   <datafield ind2=" " ind1=" " tag="720">
      <subfield code="a">Clop Roig, Joan</subfield>
      <subfield code="e">author</subfield>
   </datafield>
   <datafield ind2=" " ind1=" " tag="260">
      <subfield code="c">2009-11</subfield>
   </datafield>
   <datafield ind2=" " ind1=" " tag="520">
      <subfield code="a">Premi al millor Projecte de Fi de Carrera presentat durant el curs 2009-2010 en l'àmbit de Construcció que atorga el GREMI DE CONSTRUCCIÓ D'OBRES</subfield>
   </datafield>
   <datafield ind2=" " ind1=" " tag="520">
      <subfield code="a">El present document conté el resum del disseny i càlcul estructural d’una nau industrial&#xd;
d’acer amb coberta a dues aigües i una llum de 36 m, amb una instal·lació solar fotovoltaica&#xd;
de 109,2 kWp de connexió a xarxa sobre la coberta.&#xd;
Com a objectius principals, es pretén verificar els resultats de l’anàlisi de l’estructura de&#xd;
barres realitzat mitjançant comprovacions manuals d’estabilitat i resistència amb els&#xd;
resultats del programa PowerFrame (PF), així com també es volen comprovar els resultats&#xd;
del càlcul de unions realitzat mitjançant les comprovacions de resistència pertinents amb&#xd;
els resultats del programa PowerConnect (PC).&#xd;
També es realitza el càlcul i dimensionament dels fonaments i del paviment de la nau, en&#xd;
aquest cas sense el suport de cap programa informàtic.&#xd;
Com a objectiu secundari, es pretén projectar una instal·lació solar fotovoltaica de connexió&#xd;
a xarxa sobre la coberta, estudiant la rendibilitat i viabilitat econòmica de la inversió. Amb&#xd;
això es dóna un exemple d’aprofitament de superfícies ja ocupades per alguna altra activitat&#xd;
per a la producció neta d’energia, establint així un model o pauta a seguir en la construcció&#xd;
o rehabilitació de naus industrials o d’edificis de grans dimensions en planta.&#xd;
Els resultats de l’anàlisi de l’estructura obtinguts són pràcticament iguals als del programa&#xd;
PF. Pel que fa als resultats del càlcul de unions, en general també coincideixen bastant bé&#xd;
amb els del programa PC, encara que hi ha alguns resultats intermedis que no són iguals.&#xd;
No obstant, el resultat final del programa (en el càlcul de la unió biga pilar) és mol similar a&#xd;
l’obtingut amb els càlculs manuals.&#xd;
El projecte tipus de la instal·lació fotovoltaica sobre cobertes de naus industrials o edificis&#xd;
de grans dimensions en planta és viable i la inversió té una bona rendibilitat. Això és degut&#xd;
a que la legislació vigent sobre producció d’energia en règim especial (aplicada a la&#xd;
producció d’electricitat mitjançant fonts d’energia renovables) afavoreix econòmicament la&#xd;
venta de l’electricitat produïda per promoure així la proliferació d’aquest tipus de&#xd;
instal·lacions.</subfield>
   </datafield>
   <datafield ind2=" " ind1=" " tag="520">
      <subfield code="a">Award-winning</subfield>
   </datafield>
   <datafield tag="653" ind2=" " ind1=" ">
      <subfield code="a">Àrees temàtiques de la UPC::Edificació::Elements constructius d'edificis::Càlcul d'estructures d'edificis</subfield>
   </datafield>
   <datafield tag="653" ind2=" " ind1=" ">
      <subfield code="a">Àrees temàtiques de la UPC::Energies::Energia solar fotovoltaica</subfield>
   </datafield>
   <datafield tag="653" ind2=" " ind1=" ">
      <subfield code="a">Building, Iron and steel</subfield>
   </datafield>
   <datafield tag="653" ind2=" " ind1=" ">
      <subfield code="a">Structural design</subfield>
   </datafield>
   <datafield tag="653" ind2=" " ind1=" ">
      <subfield code="a">Photovoltaics</subfield>
   </datafield>
   <datafield tag="653" ind2=" " ind1=" ">
      <subfield code="a">Construccions metàl·liques</subfield>
   </datafield>
   <datafield tag="653" ind2=" " ind1=" ">
      <subfield code="a">Naus industrials</subfield>
   </datafield>
   <datafield tag="653" ind2=" " ind1=" ">
      <subfield code="a">Disseny d'estructures</subfield>
   </datafield>
   <datafield tag="653" ind2=" " ind1=" ">
      <subfield code="a">Energia solar fotovoltaica</subfield>
   </datafield>
   <datafield ind2="0" ind1="0" tag="245">
      <subfield code="a">Disseny i anàlisi estructural d'una nau industrial d'acer amb una instal·lació fotovoltaica de 100kW a la coberta</subfield>
   </datafield>
</record></metadata></record></GetRecord></OAI-PMH>